LEADER 00767nam0-22002771i-450- 001 990001094680403321 035 $a000109468 035 $aFED01000109468 035 $a(Aleph)000109468FED01 035 $a000109468 100 $a20000920d1971----km-y0itay50------ba 101 0 $aeng 200 1 $aIntroduction to Modern Physics$fJohn D. McGervey 210 $aNew York [etc.]$cAcademic Press$d1971 215 $axiii, 688 p.$d26 cm 610 0 $aFisica$aOpere generali 676 $a530 700 1$aMcGervey,$bJohn D.$f<1931- >$052089 801 0$aIT$bUNINA$gRICA$2UNIMARC 901 $aBK 912 $a990001094680403321 952 $a20A-147$b16743$fFI1 959 $aFI1 996 $aIntroduction to modern physics$9177163 997 $aUNINA DB $aING01 LEADER 02872nas 2200913-a 450 001 996218519703316 005 20230404213020.0 011 $a1097-0320 035 $a(DE-599)ZDB2180639-1 035 $a(OCoLC)38168053 035 $a(CKB)954925491889 035 $a(CONSER)sn-97001412- 035 $a(EXLCZ)99954925491889 100 $a19980108b19802002 s-- a 101 0 $aeng 135 $aurcnu|||||||| 181 $ctxt$2rdacontent 182 $cc$2rdamedia 183 $acr$2rdacarrier 200 10$aCytometry 210 $a[New York, NY] $cWiley-Liss, Inc.$d©1980-©2002 215 $a1 online resource 300 $aTitle from table of contents screen (Wiley InterScience; viewed: 8/10/2006). 311 $a0196-4763 517 1 $aCytometry. 531 0 $aCytometry 606 $aFlow cytometry$vPeriodicals 606 $aImaging systems in biology$vPeriodicals 606 $aImaging systems in medicine$vPeriodicals 606 $aDiagnostic imaging$vPeriodicals 606 $aCytology 606 $aFlow cytometry 606 $aCell Biology 606 $aFlow Cytometry 606 $aCytométrie de flux$vPériodiques 606 $aImagerie en biologie$vPériodiques 606 $aImagerie médicale$vPériodiques 606 $aImagerie pour le diagnostic$vPériodiques 606 $aCytologie 606 $aCytométrie de flux 606 $aCytology$2fast$3(OCoLC)fst00886282 606 $aDiagnostic imaging$2fast$3(OCoLC)fst00892354 606 $aFlow cytometry$2fast$3(OCoLC)fst00927770 606 $aImaging systems in biology$2fast$3(OCoLC)fst00967624 606 $aImaging systems in medicine$2fast$3(OCoLC)fst00967628 606 $aCytometrie$2gtt 608 $aPeriodical 608 $aperiodicals.$2aat 608 $aPeriodicals.$2fast 608 $aPeriodicals.$2lcgft 608 $aPériodiques.$2rvmgf 615 0$aFlow cytometry 615 0$aImaging systems in biology 615 0$aImaging systems in medicine 615 0$aDiagnostic imaging 615 0$aCytology. 615 0$aFlow cytometry. 615 2$aCell Biology 615 2$aFlow Cytometry 615 6$aCytométrie de flux 615 6$aImagerie en biologie 615 6$aImagerie médicale 615 6$aImagerie pour le diagnostic 615 6$aCytologie. 615 6$aCytométrie de flux. 615 7$aCytology. 615 7$aDiagnostic imaging. 615 7$aFlow cytometry. 615 7$aImaging systems in biology. 615 7$aImaging systems in medicine. 615 7$aCytometrie. 676 $a571.6 712 02$aSociety for Analytical Cytology (U.S.), 712 02$aInternational Society for Analytical Cytology, 712 02$aClinical Cytometry Society, 906 $aJOURNAL 912 $a996218519703316 996 $aCytometry$983498 997 $aUNISA LEADER 01228nam0 22003011i 450 001 UON00346164 005 20231205104320.579 100 $a20091118d1946 |0itac50 ba 101 $aeng 102 $aUS 105 $a|||| 1|||| 200 1 $aStories$fKatherine Mansfield$ga selection made by J. Middleton Murry$gwith illustrations by Leon Jacobson$gintroduction by Marjorie Kinnan Rawlings 210 $aCleveland$aNew York$cWorld Publishing Company$d1946 215 $a239 p.$cill.$d19 cm. 620 $aUS$dNew York$3UONL000050 620 $aUS$dCleveland$3UONL000597 676 $a823.9$cNarrativa inglese. 1900-$v21 700 1$aMANSFIELD$bKatherine$3UONV121946$0166565 702 1$aJACOBSON$bL.$3UONV068174 702 1$aKINNAN RAWLINGS$bMARJORIE$3UONV193571 702 1$aMURRY$bJohn Middleton$3UONV121947 712 $aThe World Publishing Company$3UONV254015$4650 801 $aIT$bSOL$c20240220$gRICA 899 $aSIBA - SISTEMA BIBLIOTECARIO DI ATENEO$2UONSI 912 $aUON00346164 950 $aSIBA - SISTEMA BIBLIOTECARIO DI ATENEO$dSI Angl VI A MAN 03 $eSI MR 53591 5 03 996 $aStories$91358769 997 $aUNIOR